000 00290nam a22001337a 4500
008 171124b xxu||||| |||| 00| 0 eng d
020 _a9781577661276
041 _aeng
080 _a316
100 _a50
101 _aSOC
245 _aTRUE TO HER NATURE
_cMARGOLIS,M.L
942 _2udc
_cBK
999 _c38501
_d38501